Beatles-George Harrison Songs - Statistics

General Stats
  • This quiz has been taken 795 times
  • The average score is 17 of 30
Answer Stats
Album Song % Correct
Abbey Road Something
91%
Abbey Road Here Comes the Sun
86%
The Beatles (White Album) While My Guitar Gently Weeps
85%
Revolver Taxman
84%
Sgt. Pepper's Lonely Hearts Club Band Within You Without You
78%
Magical Mystery Tour Blue Jay Way
73%
Let It Be I Me Mine
71%
The Beatles (White Album) Piggies
70%
With the Beatles Don't Bother Me
69%
Revolver Love You To
64%
Please Please Me Do you Want to Know a Secret
63%
Let It Be For You Blue
63%
The Beatles (White Album) Savoy Truffle
63%
Help! I Need You
61%
Rubber Soul If I Needed Someone
60%
Yellow Submarine Only A Northern Song
60%
The Beatles (White Album) Long Long Long
58%
Rubber Soul Think For Yourself
55%
Past Masters 2 Old Brown Shoe
53%
A Hard Day's Night I'm Happy Just To Dance With You
52%
Yellow Submarine It's All Too Much
52%
Revolver I Want To Tell You
50%
With the Beatles Roll Over Beethoven
50%
Past Masters 2 The Inner Light
47%
Help! You Like Me Too Much
44%
Beatles For Sale Everybody's Trying To Be My Baby
40%
With the Beatles Devil In Her Heart
35%
With the Beatles You Really Got A Hold On Me
10%
Abbey Road Because
9%
Rubber Soul The Word
9%
No matching quizzes found
Score Distribution
Percent of People with Each Score
Percentile by Number Answered
Your Score History
You have not taken this quiz